logo

Bir Sreshtho Munshi Abdur Rouf Library
Jhenaidah Cadet College

Robert Bridges poetry & prose : (Record no. 9313)

MARC details
000 -LEADER
fixed length control field 00865cam a2200241 a 4500
001 - CONTROL NUMBER
JCCL Control Number 9313
003 - CONTROL NUMBER IDENTIFIER
JCCL marc code BD-JhCC
005 - DATE AND TIME OF LATEST TRANSACTION
control field 20180312193328.0
008 - FIXED-LENGTH DATA ELEMENTS--GENERAL INFORMATION
fixed length control field 870401s1955 enk 00000 eng d
035 ## - SYSTEM CONTROL NUMBER
system control number 1038135
-- (BD-JhCC)9313
040 ## - CATALOGING SOURCE
Original cataloging agency ANL
Modifying agency ANL
-- BD-JhCC
041 ## - LANGUAGE CODE
Language code of Book eng
082 0# - DEWEY DECIMAL CLASSIFICATION NUMBER
Classification number 308
Author mark and Year BRI 1955
100 1# - MAIN ENTRY--PERSONAL NAME
Personal name Bridges, Robert,
Dates associated with a name 1844-1930.
245 10 - TITLE STATEMENT
Title Robert Bridges poetry & prose :
Remainder of title with appreciations by G. M. Hopkins, Coventry Patmore, Lionel Johnson, Laurence Binyon and others /
Statement of responsibility, etc with an introduction and notes by John Sparrow.
260 ## - PUBLICATION, DISTRIBUTION, ETC. (IMPRINT)
Place of publication, distribution, etc Oxford :
Name of publisher, distributor, etc The Clarendon Press,
Date of publication, distribution, etc 1955.
300 ## - PHYSICAL DESCRIPTION
Pagination xliv, 166 p. :
Other physical details front. (port.) ;
Dimensions 19 cm.
500 ## - GENERAL NOTE
General note Printer: Charles Batey.
500 ## - GENERAL NOTE
General note Library’s copy includes one handwritten note and one typed note
Institution to which field applies ANL
700 1# - ADDED ENTRY--PERSONAL NAME
Personal name Sparrow, John,
Dates associated with a name 1906-
942 ## - ADDED ENTRY ELEMENTS (KOHA)
Source of classification or shelving scheme Dewey Decimal Classification
Koha item type Books
Holdings
Source of classification or shelving scheme Damaged status Not for loan Home library Current library Shelving location Total Checkouts Full call number Barcode Date last seen Copy number Koha item type
Dewey Decimal Classification     JCC Rouf Library JCC Rouf Library General Stacks   308 BRI 1955 12475 03/12/2018 C - 1 Books

JCC Library | Contacts | JCC Home

Last Update on 23 September 2017
Copyright @ 2017-2020 JCC Rouf Library
Rouf Library, Jhenidah Cadet College (JCC), Bangladesh